000 00535nam a2200229Ia 4500
003 OSt
005 20220912153104.0
006 a|||||r|||| 00| 0
007 ta
008 220909b |||||||| |||| 00| 0 eng d
024 _a22065
037 _cTextual
040 _aCSL
_beng
_cCSL
041 _aeng
082 _aB316, L44
100 _aJameson G J O
245 0 _aTopology and normed spaces
260 _c1974
300 _ap.
_ccm.
942 _hB316, L44
_cTEXL
_2CC
999 _c97789
_d97789